| 000 | 00570nam a2200193Ia 4500 | ||
|---|---|---|---|
| 008 | 240729s9999 xx 000 0 und d | ||
| 022 | _a2769-2094 | ||
| 245 | 0 | _aOrnamental Plant Research | |
| 260 | _aChina | ||
| 260 | _bMaximum Academic Press | ||
| 650 | _a Botany | ||
| 650 | _a Environmental effects of industries and plants | ||
| 650 | _a Environmental technology. Sanitary engineering | ||
| 650 | _a Plant ecology | Technology | ||
| 650 | _aScience | ||
| 856 | _uhttps://doaj.org/toc/e81c6a044782414cbde3db9aeeb07c20 | ||
| 942 | _2ddc | ||
| 942 | _cDOAJEJ | ||
| 999 |
_c67415 _d67415 |
||
| 945 |
_a1 _bMadushi Gamage _c1 _dMadushi Gamage |
||